Incorporation of plotting capability in to the Unified Subsoinc Supersonic Aerodynamics Analysist Program" B" (Record no. 250776)

000 -LEADER
fixed length control field 00293 a2200097 4500
001 - CONTROL NUMBER
control field 15703
090 ## - LOCALLY ASSIGNED LC-TYPE CALL NUMBER (OCLC); LOCAL CALL NUMBER (RLIN)
-- 12261
-- 12261
100 ## - MAIN ENTRY--PERSONAL NAME
Personal name Winter, Octario, A
245 ## - TITLE STATEMENT
Title Incorporation of plotting capability in to the Unified Subsoinc Supersonic Aerodynamics Analysist Program" B"
260 ## - PUBLICATION, DISTRIBUTION, ETC.
Place of publication, distribution, etc.
Name of publisher, distributor, etc. NASA
Date of publication, distribution, etc.
942 ## - ADDED ENTRY ELEMENTS (KOHA)
Institution code [OBSOLETE] NUST-CAE
Koha item type
--
Holdings
Withdrawn status Lost status Damaged status Not for loan Collection code Permanent Location Current Location Date acquired Total Checkouts Barcode Date last seen Price effective from Koha item type
          College of Aeronautical Engineering (CAE) College of Aeronautical Engineering (CAE) 04/03/2017   CAE29449 04/05/2017 04/05/2017 Book
© 2023 Central Library, National University of Sciences and Technology. All Rights Reserved.